000 00843nam a2200241Ia 4500
003 OSt
005 20220923211102.0
006 a|||||r|||| 00| 0
007 ta
008 220922b |||||||| |||| 00| 0 pan d
020 _a8178834006 (hbk)
_c140
024 _a243,739
037 _b305, 08/10/2010, H.K. Prakashan
_cTextual
040 _aARTS
_cARTS
_bpan
041 _2pan
_apan
082 _aY73(P153):351, 153P8
100 _aਸਿੰਘ, ਨਰਿੰਦਰ ਪਾਲ
_9158016
245 0 _aਲੋਕਯਾਨ
_b ਸਿਧਾਂਤ ਅਤੇ ਮੁੱਲਾਂਕਣ
260 _aਲੁਧਿਆਣਾ
_b ਚੇਤਨਾ
_c2008
300 _a120ਪੰ
_ccm.
942 _hY73(P153):351, 153P8
_cTEXL
_2CC
999 _c295015
_d295015